000 01189nam0a22002771 4500
001 rc\2233416
005 20260406124402.0
035 _a(NLR Aleph) 006709741
090 _a5330176
_c5330176
100 _a20110829d1979 |||y0rusy50 ca
101 0 _arus
102 _aRU
105 _ay z |||||
200 1 _aУвеличение производства и повышение качества кормов
_eЦентр.-Чернозем. и Сев.-Кавк. экон. р-ны
_e[Сб. статей]
_fМ-во сел. хоз-ва РСФСР, Всерос. отд-ние ВАСХНИЛ
210 _aМосква
_cРоссельхозиздат
_d1979
215 _a75 с.
_d22
606 _aКормопроизводство
_yСеверный Кавказ
_2psbo
606 _aКормопроизводство
_yЦентрально-черноземные области РСФСР
_2psbo
712 0 2 _aВАСХНИЛ
_bВсероссийское отделение
_3RU\NLR\AUTH\8817240
_9307708
801 0 _aRU
_bNLR
_gpsbo
801 1 _aRU
_bELAR
_2rusmarc
852 _aNLR
_j80-6/704
899 _aRuMoRGB
_jB 79-52/987
899 _aRuMoRGB
_jB 79-52/988
942 _cBOOK
980 _aNB